000 00626nam a22002057a 4500
005 20251108170046.0
008 250721s1994 xx 000 0 ara d
020 _a9772701014
082 1 4 _aط/ق/عما
100 1 _aعمارة، حمدي
245 1 0 _aفصادة الصغير /
264 1 _aالقاهرة :
_bالدار المصرية اللبنانية،
_c1994.
300 _a15ص . : مص
490 0 _aأصدقائي
650 1 7 _aالقصص العربية
653 _aأطفال مرحلة متوسطة ( 6-9 سنوات )
700 1 _aبدران، منال
_eCart.
942 _2ddc
_cBK
999 _c38647
_d38647